Indicative atlas of radon in Scotland (Record no. 112773)
[ view plain ]
| 000 -LEADER | |
|---|---|
| fixed length control field | 01117cad a22003135a 4500 |
| 001 - CONTROL NUMBER | |
| control field | E153936 |
| 008 - FIXED-LENGTH DATA ELEMENTS--GENERAL INFORMATION | |
| fixed length control field | 110926s2011 xxkbd f 000 0 eng d |
| 020 ## - INTERNATIONAL STANDARD BOOK NUMBER | |
| International Standard Book Number | 9780859517010 |
| 035 ## - SYSTEM CONTROL NUMBER | |
| System control number | (Sirsi) u153936 |
| 041 0# - LANGUAGE CODE | |
| Language code of text/sound track or separate title | eng |
| 050 04 - LIBRARY OF CONGRESS CALL NUMBER | |
| Classification number | 615.625756 $2 18 |
| 100 1# - MAIN ENTRY--PERSONAL NAME | |
| Personal name | Miles, J. C. H. |
| 245 00 - TITLE STATEMENT | |
| Title | Indicative atlas of radon in Scotland |
| Medium | [electronic resource] |
| 260 ## - PUBLICATION, DISTRIBUTION, ETC. | |
| Place of publication, distribution, etc. | Didcot |
| Name of publisher, distributor, etc. | Health Protection Agency |
| Date of publication, distribution, etc. | 2011 |
| 520 ## - SUMMARY, ETC. | |
| Summary, etc. | Presents the results of a survey of radon levels across Scotland. Identifies those areas with a 1% or greater probability of exceeding the Action level. |
| 521 ## - TARGET AUDIENCE NOTE | |
| Target audience note | Advanced |
| 590 ## - LOCAL NOTE (RLIN) | |
| Local note | KA |
| 651 #4 - SUBJECT ADDED ENTRY--GEOGRAPHIC NAME | |
| Geographic name | Scotland |
| Chronological subdivision | 1999- |
| 690 ## - LOCAL SUBJECT ADDED ENTRY--TOPICAL TERM (OCLC, RLIN) | |
| Topical term or geographic name as entry element | MANAGEMENT-HEALTH AND SAFETY-HAZARDOUS SUBSTANCES-RADON |
| 700 1# - ADDED ENTRY--PERSONAL NAME | |
| Personal name | Appleton, J. D. |
| 700 1# - ADDED ENTRY--PERSONAL NAME | |
| Personal name | Rees, D. M. |
| 700 1# - ADDED ENTRY--PERSONAL NAME | |
| Personal name | Adlam, K. A. M. |
| 700 1# - ADDED ENTRY--PERSONAL NAME | |
| Personal name | Scheib, C. |
| 700 1# - ADDED ENTRY--PERSONAL NAME | |
| Personal name | Myers, A. H. |
| 700 1# - ADDED ENTRY--PERSONAL NAME | |
| Personal name | Green, B. M. R. |
| 700 1# - ADDED ENTRY--PERSONAL NAME | |
| Personal name | McColl, N. P. |
| 856 40 - ELECTRONIC LOCATION AND ACCESS | |
| Uniform Resource Identifier | <a href="https://www.hpa.org.uk/Publications/Radiation/CRCEScientificAndTechnicalReportSeries/HPACRCE023/">https://www.hpa.org.uk/Publications/Radiation/CRCEScientificAndTechnicalReportSeries/HPACRCE023/</a> |
| Public note | View the report free of charge at www.hpa.org.uk |
| 942 ## - ADDED ENTRY ELEMENTS (KOHA) | |
| Suppress in OPAC | 0 |
| Withdrawn status | Lost status | Source of classification or shelving scheme | Damaged status | Not for loan | Home library | Current library | Shelving location | Date acquired | Total Checkouts | Full call number | Barcode | Date last seen | Copy number | Price effective from | Koha item type |
|---|---|---|---|---|---|---|---|---|---|---|---|---|---|---|---|
| Dewey Decimal Classification | Virtual | Virtual | Online | 26/09/2011 | ONLINE PUBLICATION | 153936-1001 | 06/08/2019 | 1 | 06/08/2019 | Book |